00612nam a22001697a 450000500170000001000280001702000260004503500170007103500140008803700380010208200080014024501160014826000550026427000800031930000210039970000220042020240321110919.0 aB-756325-334 ENG-139837 a9789355737687c999.00 aB-756325-334 aEN-123369 aParth Booksellers & Distributors  a000 a11 Years' JEE (Main & Advanced):bChapterwise Topicwise Physics Solved Questions (2013-2023)cEdit By Arun Kala aNew Delhi bCengage Learning India Pvt. Ltd.c2023 aT-303, 3rd Floor DAV Comlex, Plot 3 Mayur Vihar Phase 1bNew Delhi e110091 a409p.c28cm(Pbk) aKala,AruneEditor